[Event "It (open) \"]
[Site "masterchessopen.com La Coruna (Spain)"]
[Round "3"]
[White "Rivas Pastor Manuel (ESP)"]
[Black "Suarez Pousa Diego (ESP)"]
[Result "0-1"]
[WhiteElo "2485"]
[BlackElo "2265"]

1.d4 Nf6 2.c4 e6 3.Nc3 Bb4 4.e3 c5 5.Bd3 Nc6 6.Ne2 cxd4 7.exd4 d5 8.cxd5 exd5
9.O-O O-O 10.Bg5 Be7 11.Rc1 Bg4 12.f3 Be6 13.Be3 Ne8 14.Re1 Qd7 15.Nf4 Nc7
16.Nb5 Nxb5 17.Bxb5 Bf5 18.Qa4 Rfc8 19.Nd3 Bxd3 20.Bxd3 a6 21.Re2 Bf6 22.Kh1
g6 23.Qd1 Re8 24.Bc2 Qd6 25.g3 Qd7 26.Kg2 Bxd4 27.Bxd4 Rxe2+ 28.Qxe2 Nxd4
29.Qd3 Nxc2 30.Rxc2 Re8 31.Qd4 Qb5 32.Kh3 Qf1+ 33.Kh4 Qxf3 {#R} 0-1

[Event "It (open)"]
[Site "masterchessopen.com Las Palmas (Spain)"]
[Round "3"]
[White "Sarmiento Alfonso Braulio (ESP)"]
[Black "Garcia Padron Jose (ESP)"]
[Result "1-0"]
[WhiteElo "2300"]
[BlackElo "2410"]

1.d4 Nf6 2.c4 e6 3.Nc3 Bb4 4.e3 c5 5.Bd3 Bxc3+ 6.bxc3 Nc6 7.Ne2 e5 8.dxe5 Nxe5
9.e4 d6 10.O-O Be6 11.f4 Nxd3 12.Qxd3 Qe7 13.Ng3 O-O 14.f5 Bc8 15.Bg5 h6
16.Bf4 Rd8 17.Rad1 Ne8 18.e5 Qd7 19.exd6 a5 20.Rfe1 b6 21.Re2 Nf6 22.Be5 Nh7
23.f6 gxf6 24.Bf4 h5 25.Rde1 Bb7 26.Nxh5 Qg4 27.Qxh7+ {#r} 1-0

[Event "It"]
[Site "masterchessopen.com Lippstadt (Germany)"]
[Round "5"]
[White "Schlosser Philipp (GER)"]
[Black "Hoffmann Michael (GER)"]
[Result "1-0"]
[WhiteElo "2500"]
[BlackElo "2485"]

1.d4 Nf6 2.c4 e6 3.Nc3 Bb4 4.e3 c5 5.Bd3 Nc6 6.Nf3 Bxc3+ 7.bxc3 d6 8.O-O e5
9.Nd2 O-O 10.Rb1 exd4 11.cxd4 cxd4 12.exd4 Re8 13.Nf3 Bg4 14.h3 Bxf3 15.Qxf3
d5 16.Be3 dxc4 17.Bxc4 Na5 18.Bd3 Qd5 19.Qxd5 Nxd5 20.Bd2 b6 21.Bxa5 bxa5
22.Rb5 Nf4 23.Rd1 Nxd3 24.Rxd3 Re1+ 25.Kh2 Re2 26.Rxa5 Rxf2 27.d5 Kf8 28.d6
Rf6 29.d7 Ke7 30.Rxa7 Rd8 31.Kg3 Rd6 32.Rxd6 Kxd6 33.a4 Kc6 34.a5 {#r} 1-0

[Event "It (open)"]
[Site "masterchessopen.com Lomas de Zamora (Argentina)"]
[Round "4"]
[White "Schuster Carlos (ARG)"]
[Black "Zarnicki Pablo (ARG)"]
[Result "0-1"]
[WhiteElo "2305"]
[BlackElo "2570"]

1.d4 Nf6 2.c4 e6 3.Nc3 Bb4 4.e3 c5 5.Bd3 Nc6 6.Ne2 cxd4 7.exd4 d5 8.O-O dxc4
9.Bxc4 O-O 10.a3 Bd6 11.h3 b6 12.Bg5 Be7 13.Qd3 Bb7 14.f4 Rc8 15.Rad1 g6
16.Bh6 Re8 17.f5 exf5 18.Rxf5 gxf5 19.Qg3+ Ng4 20.hxg4 Kh8 21.Bxf7 Bh4 22.Qf4
Rxe2 23.Nxe2 Qe7 24.Bc4 Nd8 25.Bd3 Nf7 26.g5 Nxg5 27.Qxf5 Rg8 28.d5 Bc8
29.Bxg5 Bxg5 30.Qe4 Be3+ 31.Kf1 Qf6+ 32.Qf3 Qh6 33.Ng3 Bg4 34.Qe4 Rf8+ {#R}
0-1

[Event "It (open)"]
[Site "masterchessopen.com Namsos (Norway)"]
[Round "0"]
[White "Bern Ivar (NOR)"]
[Black "Royset Paal (NOR)"]
[Result "1-0"]
[WhiteElo "2360"]
[BlackElo "2220"]

1.c4 Nf6 2.Nc3 e6 3.d4 Bb4 4.e3 c5 5.Bd3 Nc6 6.Ne2 cxd4 7.exd4 O-O 8.a3 Be7
9.Bc2 d5 10.cxd5 Nxd5 11.Qd3 g6 12.O-O Bg5 13.Rd1 Bxc1 14.Raxc1 Nce7 15.Nxd5
Nxd5 16.Nc3 b6 17.Nxd5 Qxd5 18.Bb3 Qa5 19.d5 Ba6 20.Qe3 exd5 21.Rxd5 b5 22.Rd7
Qb6 23.Qf3 {#r} 1-0

[Event "Ch Netherlands (team)"]
[Site "masterchessopen.com Netherlands"]
[Round "0"]
[White "Sokolov Ivan (NED)"]
[Black "Winants Luc (BEL)"]
[Result "1-0"]
[WhiteElo "2630"]
[BlackElo "2480"]

1.d4 Nf6 2.c4 e6 3.Nc3 Bb4 4.e3 c5 5.Bd3 Nc6 6.Nf3 Bxc3+ 7.bxc3 d6 8.O-O e5
9.Nd2 O-O 10.Rb1 b6 11.h3 Bd7 12.f4 exf4 13.Rxf4 Qe7 14.Qf3 Rac8 15.Nf1 Ne8
16.Ng3 g6 17.Bd2 Ng7 18.Rf1 f5 19.e4 Ne6 20.exf5 Nxf4 21.Bxf4 cxd4 22.Qd5+ Kg7
23.Bxd6 Qe3+ 24.Kh2 Rf6 25.Bf4 Qe8 26.fxg6 hxg6 27.Bh6+ {#r} 1-0

[Event "It (open)"]
[Site "masterchessopen.com North Bay (Canada)"]
[Round "0"]
[White "Lesiege Alexandre (CAN)"]
[Black "Karklins Andrew (USA)"]
[Result "1-0"]
[WhiteElo "2480"]
[BlackElo "2325"]

1.d4 Nf6 2.c4 e6 3.Nc3 Bb4 4.e3 c5 5.Bd3 Nc6 6.Ne2 d6 7.O-O Bd7 8.Bd2 Rc8 9.a3
Ba5 10.Nb5 Ke7 11.b4 Bb6 12.Nxd6 Kxd6 13.bxc5+ Bxc5 14.dxc5+ Ke7 15.Bc3 Qc7
16.Ng3 Ne5 17.Be2 Nc6 18.Qc2 h5 19.Ne4 Nxe4 20.Qxe4 Rcg8 21.Rad1 h4 22.Rd6 Rh6
23.Rfd1 Be8 24.Bf3 g5 25.Be5 Qa5 26.R6d2 f5 27.Bd6+ Kf7 28.Qb1 Nd8 29.c6 Bxc6
30.Bxc6 bxc6 31.Qb8 Rh7 32.Bc7 Qc3 33.Rxd8 Rxd8 34.Qxd8 Rh8 {#r} 1-0

[Event "It (open)"]
[Site "masterchessopen.com Novgorod (Russia)"]
[Round "0"]
[White "Iskusnyh Sergei (RUS)"]
[Black "Tunik Gennady (RUS)"]
[Result "1-0"]
[WhiteElo "2430"]
[BlackElo "2515"]

1.d4 Nf6 2.c4 e6 3.Nc3 Bb4 4.e3 c5 5.Bd3 Nc6 6.Ne2 cxd4 7.exd4 d5 8.cxd5 Nxd5
9.O-O O-O 10.Be4 Bd6 11.Qd3 h6 12.a3 Nce7 13.Qf3 Nxc3 14.bxc3 Rb8 15.c4 b6
16.Bd3 e5 17.Bb2 Qc7 18.Nc3 Bb7 19.d5 f5 20.Nb5 Qd7 21.Qg3 f4 22.Qf3 Rbe8
23.Qe4 Bb8 24.Qh7+ Kf7 25.Rfe1 a6 26.Rxe5 Rg8 27.Re6 Rc8 28.Rc1 axb5 29.Rf6+
{#r} 1-0

[Event "It \"]
[Site "masterchessopen.com Philadelphia (USA)"]
[Round "7"]
[White "De Fotis Gary (USA)"]
[Black "Mackenzie Dana N (USA)"]
[Result "1-0"]
[WhiteElo "2325"]
[BlackElo "2098"]

1.d4 Nf6 2.c4 e6 3.Nc3 Bb4 4.e3 c5 5.Bd3 Nc6 6.Nf3 Bxc3+ 7.bxc3 d6 8.e4 e5
9.d5 Ne7 10.Nh4 O-O 11.g3 Re8 12.O-O Ng6 13.Ng2 Qd7 14.Qe2 Qh3 15.Ne3 Nf4
16.gxf4 exf4 17.f3 fxe3 18.Bxe3 Nd7 19.Rf2 Ne5 20.Raf1 f5 21.Bb1 Qh4 22.Kh1 f4
23.Bd2 Bh3 24.Rg2 Bxg2+ 25.Kxg2 Rf8 26.Kh1 Rf6 27.Rg1 Qh3 28.Rf1 Raf8 {#r} 1-0

[Event "It (open)"]
[Site "masterchessopen.com Portoroz (Slovenia)"]
[Round "0"]
[White "Kozul Zdenko (CRO)"]
[Black "Muhtarov Leonid (UKR)"]
[Result "1-0"]
[WhiteElo "2580"]
[BlackElo "2144"]

1.d4 e6 2.c4 Nf6 3.Nc3 Bb4 4.e3 c5 5.Bd3 cxd4 6.exd4 Nc6 7.Nf3 d5 8.O-O dxc4
9.Bxc4 O-O 10.Bg5 Be7 11.Re1 b6 12.a3 Bb7 13.Ba2 Rc8 14.Rc1 Nd5 15.Bd2 Nxc3
16.Bxc3 Bf6 17.d5 exd5 18.Bxd5 Bxc3 19.Rxc3 Rc7 20.Be4 Qf6 21.Qc2 g6 22.h4
Rfc8 23.Rc1 b5 24.Qd2 Kg7 25.Qg5 Qe6 26.Bxc6 Bxc6 27.Qe5+ {#r} 1-0

[Event "Ch Copenhagen City"]
[Site "masterchessopen.com Taastrup (Denmark)"]
[Round "1"]
[White "Hoi Carsten (DEN)"]
[Black "Jakobsen Peter (DEN)"]
[Result "1-0"]
[WhiteElo "2440"]
[BlackElo "2250"]

1.d4 Nf6 2.c4 e6 3.Nc3 Bb4 4.e3 c5 5.Bd3 Nc6 6.Ne2 cxd4 7.exd4 d5 8.cxd5 Nxd5
9.O-O O-O 10.Bc2 b6 11.Qd3 g6 12.Bh6 Re8 13.Ba4 Bb7 14.Ne4 Rc8 15.Rac1 Be7
16.Rfd1 Ndb4 17.Qg3 Nxa2 18.Rxc6 Rxc6 19.Bxc6 Bh4 20.Qe5 f6 21.Qd6 Qxd6
22.Nxd6 Bxc6 23.Nxe8 Bxe8 24.Ra1 {#r} 1-0

[Event "Ch Austria (team) 1996/97"]
[Site "masterchessopen.com Austria"]
[Round "0"]
[White "Spiegel Wilfried (AUT)"]
[Black "Kranz Armin (AUT)"]
[Result "0-1"]
[WhiteElo "2044"]
[BlackElo "2100"]

1.d4 Nf6 2.c4 e6 3.Nc3 Bb4 4.e3 c5 5.Bd3 Nc6 6.Nf3 Bxc3+ 7.bxc3 d6 8.e4 e5
9.d5 Ne7 10.Nh4 h6 11.O-O O-O 12.g3 g5 13.Ng2 Qd7 14.Qe2 Qh3 15.f3 Nh5 16.Ne3
f6 17.Qg2 Ng6 18.Nd1 b6 19.Be3 Kh7 20.Nf2 Qd7 21.a4 a5 22.Bd2 Qe8 23.Kh1 Bd7
24.Bc2 Qc8 25.Rg1 Qe8 26.Qf1 Rg8 27.Qe2 Ng7 28.Nd3 Qf7 29.f4 Raf8 30.Raf1 Qe8
31.Qd1 {#R} 0-1

[Event "Oberliga Baden 1996/97"]
[Site "masterchessopen.com Baden-Wuerttemberg (Germany)"]
[Round "0"]
[White "Reimche Vadim (GER)"]
[Black "Ilic Ljubomir (MKD)"]
[Result "1-0"]
[WhiteElo "2153"]
[BlackElo "2265"]

1.d4 Nf6 2.c4 e6 3.Nc3 Bb4 4.e3 c5 5.Bd3 d5 6.Nf3 Nc6 7.O-O cxd4 8.exd4 O-O
9.a3 Be7 10.Bg5 dxc4 11.Bxc4 Qc7 12.Qd3 Rd8 13.Rad1 a6 14.Rfe1 Ng4 15.Bxe7
Nxe7 16.d5 exd5 17.Rxe7 Qxe7 18.Nxd5 Rxd5 19.Bxd5 Qc5 20.Ng5 Qxf2+ 21.Kh1 Qb6
22.Bxf7+ Kf8 23.Rf1 Nf6 24.Nxh7+ Kxf7 25.Nxf6 gxf6 26.Qh7+ Kf8 27.Qg6 Ke7
28.Qg7+ Kd8 29.Rxf6 Qxf6 30.Qxf6+ Kc7 31.h4 Bd7 32.h5 Rg8 33.h6 {#r} 1-0

[Event "It (open)"]
[Site "masterchessopen.com Baunatal (Germany)"]
[Round "0"]
[White "Unrath Heiko (GER)"]
[Black "Schmidt Jan Peter (GER)"]
[Result "0-1"]
[WhiteElo "2216"]
[BlackElo "2205"]

1.d4 Nf6 2.c4 e6 3.Nc3 Bb4 4.e3 c5 5.Bd3 Nc6 6.Ne2 cxd4 7.exd4 d5 8.c5 O-O
9.a3 Bxc3+ 10.bxc3 b6 11.cxb6 Qxb6 12.Qa4 Bd7 13.Rb1 Qc7 14.Qc2 e5 15.O-O e4
16.Bb5 a6 17.c4 Nxd4 18.Nxd4 axb5 19.cxb5 Qxc2 20.Nxc2 Rfb8 21.b6 Ba4 22.Na1
d4 23.Bf4 Rb7 24.Rfc1 Nd5 25.Bc7 d3 26.Rc4 f5 27.Nb3 Nxb6 28.Rb4 Rxc7 29.Rxb6
Bxb3 30.R6xb3 d2 {#R} 0-1

[Event "Ch World (juniors) (under 16) (g)"]
[Site "masterchessopen.com Cala Galdana (Spain)"]
[Round "4"]
[White "Bekker-Jensen Anne (DEN)"]
[Black "Swathi Ghate (IND)"]
[Result "0-1"]
[WhiteElo "1986"]
[BlackElo "2160"]

1.d4 Nf6 2.c4 e6 3.Nc3 Bb4 4.e3 c5 5.Bd3 Nc6 6.Ne2 d5 7.cxd5 exd5 8.O-O c4
9.Bb1 O-O 10.b3 cxb3 11.Qxb3 Bd6 12.Ng3 Na5 13.Qc2 Be6 14.Qe2 Rc8 15.Qd3 g6
16.Nb5 Bb8 17.Re1 Re8 18.Bd2 Nc4 19.Nc3 Ng4 20.Rc1 Qh4 21.Nce2 Bf5 22.Qc3
Qxh2+ 23.Kf1 Ncxe3+ 24.Qxe3 Rxc1+ 25.Bxc1 Nxe3+ 26.Bxe3 Bxb1 27.Rxb1 Bxg3 {#R}
0-1

[Event "Ch World (juniors) (under 18)"]
[Site "masterchessopen.com Cala Galdana (Spain)"]
[Round "7"]
[White "Banikas Hristos (GRE)"]
[Black "Sadvakasov Darmen (KAZ)"]
[Result "1-0"]
[WhiteElo "2445"]
[BlackElo "2360"]

1.d4 Nf6 2.c4 e6 3.Nc3 Bb4 4.e3 c5 5.Bd3 d5 6.Ne2 cxd4 7.exd4 dxc4 8.Bxc4 O-O
9.O-O b6 10.d5 e5 11.Bg5 Nbd7 12.a3 Bd6 13.Ng3 h6 14.Bh4 Qc7 15.Qe2 g6 16.Rac1
a6 17.Ba2 Qb8 18.Nce4 Nxe4 19.Nxe4 Bb7 20.Qg4 Nc5 21.Nf6+ Kg7 22.b4 Bc8 23.Qe2
Nd7 24.Ne4 Bb7 25.Rc6 Bc7 26.Rfc1 Bd8 27.Bxd8 Qxd8 28.Rc7 Rb8 29.Nd6 Ba8
30.Qg4 f5 31.Qe2 b5 32.Qxe5+ {#r} 1-0

[Event "Ch Catalunia (team)"]
[Site "masterchessopen.com Catalunia (Spain)"]
[Round "0"]
[White "Fernandez Aguado Juan Luis (ESP)"]
[Black "Pablo Marin Alejandro (ESP)"]
[Result "0-1"]
[WhiteElo "2320"]
[BlackElo "2370"]

1.d4 Nf6 2.c4 e6 3.Nc3 Bb4 4.e3 c5 5.Bd3 Nc6 6.Nf3 d6 7.O-O Bxc3 8.bxc3 e5
9.Qc2 O-O 10.Rd1 Bg4 11.dxc5 Qe8 12.cxd6 e4 13.Be2 exf3 14.gxf3 Bh5 15.Rb1 Qe6
16.Rxb7 Qh3 17.Bf1 Qxf3 18.Bg2 Qxd1+ 19.Qxd1 Bxd1 20.Bxc6 Rab8 21.Rxb8 Rxb8
22.Ba3 Rc8 23.Bb5 Bf3 24.c5 Bc6 25.Be2 Rb8 26.f3 Rb1+ 27.Kf2 Kf8 28.e4 Ke8
29.Bc4 Rh1 30.Kg2 Rd1 31.Bb3 Rd2+ 32.Kg3 Bd7 33.Kf4 {#R} 0-1

[Event "Ch Germany (juniors) (team)"]
[Site "masterchessopen.com Germany"]
[Round "0"]
[White "Lang Andreas (GER)"]
[Black "Kipper Jens (GER)"]
[Result "1-0"]
[WhiteElo "2034"]
[BlackElo "2382"]

1.d4 e6 2.c4 Nf6 3.Nc3 Bb4 4.e3 c5 5.Bd3 Nc6 6.Ne2 cxd4 7.exd4 d5 8.cxd5 Nxd5
9.O-O O-O 10.Bc2 b6 11.Qd3 g6 12.Bh6 Re8 13.Ne4 Be7 14.a3 Bb7 15.Rac1 Rc8
16.Ba4 Rc7 17.Rfe1 Qa8 18.Qg3 Rd8 19.h4 Rcd7 20.h5 Nf6 21.Nf4 Nxe4 22.Rxe4 Bd6
23.hxg6 hxg6 24.Bg5 Bxf4 25.Qxf4 Rd5 26.Bxd8 Nxd8 27.Re5 Rxe5 28.dxe5 Bxg2
29.Rc3 Nc6 30.Kxg2 Nd4+ 31.Bc6 {#r} 1-0

[Event "Oberliga NRW 1995/96"]
[Site "masterchessopen.com Germany"]
[Round "0"]
[White "Reinemer Frank (GER)"]
[Black "Rytshagov Mikhail (EST)"]
[Result "0-1"]
[WhiteElo "2285"]
[BlackElo "2495"]

1.d4 Nf6 2.c4 e6 3.Nc3 Bb4 4.e3 c5 5.Bd3 Nc6 6.Nf3 Bxc3+ 7.bxc3 d6 8.e4 e5
9.h3 h6 10.O-O O-O 11.Be3 b6 12.Kh2 Nh7 13.Qd2 Qe8 14.Rae1 Ba6 15.g3 Rd8
16.Qd1 cxd4 17.cxd4 exd4 18.Nxd4 Ne5 19.Nf5 Qe6 20.Be2 Nf6 21.Nd4 Qd7 22.f4
Nxc4 23.Bc1 Rfe8 24.Qc2 Rc8 25.Qb1 Rxe4 26.Bxc4 Bxc4 27.Rxe4 Bxf1 {#R} 0-1

[Event "Tournament (a)"]
[Site "masterchessopen.com Germany"]
[Round "0"]
[White "Puth Dieter (GER)"]
[Black "Wetzel Gerhard (GER)"]
[Result "1-0"]
[WhiteElo "2265"]
[BlackElo "2163"]

1.d4 Nf6 2.c4 e6 3.Nc3 Bb4 4.e3 c5 5.Bd3 Nc6 6.Nf3 Bxc3+ 7.bxc3 d6 8.O-O O-O
9.e4 e5 10.d5 Ne7 11.Nh4 h6 12.g3 g5 13.Ng2 Bh3 14.f4 exf4 15.gxf4 g4 16.Qd2
Kg7 17.e5 dxe5 18.fxe5 Nfg8 19.Qe3 b6 20.Bd2 Qd7 21.Qe4 f5 22.exf6+ Nxf6
23.Rxf6 Rxf6 24.Qh7+ Kf8 25.Bxh6+ {#r} 1-0

[Event "It (open)"]
[Site "masterchessopen.com Helsinki (Finland)"]
[Round "4"]
[White "Norri Joose (FIN)"]
[Black "Kanko Ilkka (FIN)"]
[Result "1-0"]
[WhiteElo "2385"]
[BlackElo "2285"]

1.d4 Nf6 2.c4 e6 3.Nc3 Bb4 4.e3 c5 5.Bd3 Nc6 6.Nf3 Bxc3+ 7.bxc3 d6 8.O-O e5
9.Ng5 Qe7 10.Qc2 h6 11.Ne4 O-O 12.Ba3 b6 13.Ng3 Na5 14.f4 Ng4 15.Rf3 exf4
16.exf4 Re8 17.f5 Qh4 18.Nf1 Bb7 19.Rh3 Qe7 20.Bc1 Be4 21.Rg3 Bxd3 22.Qxd3 Qe4
23.Qd1 h5 24.h3 Nf6 25.Bh6 g6 26.fxg6 fxg6 27.Nd2 Qf5 28.Rf3 Qe6 29.d5 Qe7
30.Qc2 {#r} 1-0

[Event "Ch Hungary (team) 1996/97"]
[Site "masterchessopen.com Hungary"]
[Round "3"]
[White "Vincze Istvan (HUN)"]
[Black "Kustar Sandor (HUN)"]
[Result "1-0"]
[WhiteElo "2249"]
[BlackElo "2395"]

1.d4 Nf6 2.c4 e6 3.Nc3 Bb4 4.e3 c5 5.Bd3 Nc6 6.Ne2 cxd4 7.exd4 O-O 8.O-O b6
9.a3 Be7 10.b4 d6 11.f4 Bb7 12.f5 exf5 13.Bxf5 Nb8 14.Bc2 Nbd7 15.Ng3 Rc8
16.Bb3 g6 17.Ra2 Ne8 18.Bh6 Ng7 19.c5 bxc5 20.dxc5 dxc5 21.Rd2 c4 22.Rxd7 Qb6+
23.Rf2 cxb3 24.Rxe7 Rxc3 25.Rxb7 Rd8 26.Rd7 Re8 27.Rxf7 Ne6 28.Qd7 {#r} 1-0

[Event "Ch Ireland"]
[Site "masterchessopen.com Ireland"]
[Round "4"]
[White "O'Connell Gerard (IRL)"]
[Black "Palmer Bernard (IRL)"]
[Result "1-0"]
[WhiteElo "2145"]
[BlackElo "2006"]

1.d4 e6 2.c4 Nf6 3.Nc3 Bb4 4.e3 c5 5.Bd3 Bxc3+ 6.bxc3 Nc6 7.Nf3 d6 8.O-O e5
9.Nd2 Bg4 10.f3 Bh5 11.Rb1 Qd7 12.Qa4 Bg6 13.Bxg6 hxg6 14.Ba3 b6 15.Rxb6 Nxd4
16.Qa6 Nf5 17.e4 Qc8 18.Qb5+ {#r} 1-0

[Event "Ch City (open)"]
[Site "masterchessopen.com Ludwigshafen (Germany)"]
[Round "5"]
[White "Weiland Marco"]
[Black "Wetzel Gerhard (GER)"]
[Result "1-0"]
[WhiteElo "1805"]
[BlackElo "2163"]

1.d4 Nf6 2.c4 e6 3.Nc3 Bb4 4.e3 c5 5.Bd3 Nc6 6.Ne2 cxd4 7.exd4 d5 8.a3 Bxc3+
9.bxc3 e5 10.cxd5 Qxd5 11.O-O exd4 12.Nf4 Qd6 13.Re1+ Ne7 14.Qe2 g5 15.Nh5 Ng4
16.Bb5+ Kd8 17.g3 a6 18.Bxg5 f6 19.Bf4 Ne5 20.cxd4 axb5 21.dxe5 {#r} 1-0

[Event "Ch Slovakia"]
[Site "masterchessopen.com Martin (Slovakia)"]
[Round "2"]
[White "Rzeszoto Rastislav (SVK)"]
[Black "Ivanov Victor L (RUS)"]
[Result "0-1"]
[WhiteElo "1905"]
[BlackElo "2375"]

1.d4 Nf6 2.c4 e6 3.Nc3 Bb4 4.e3 c5 5.Bd3 Nc6 6.Nf3 Bxc3+ 7.bxc3 d6 8.O-O e5
9.Qc2 O-O 10.Rd1 Qe7 11.dxe5 dxe5 12.Ng5 g6 13.a4 Na5 14.Rb1 Ne8 15.e4 f6
16.Nf3 Nd6 17.Nd2 Be6 18.Nb3 Ndxc4 19.Nxa5 Nxa5 20.Ba3 b6 21.Qc1 Rfd8 22.f4
Bg4 23.Rd2 exf4 24.Qf1 g5 25.Bc4+ Be6 26.Bxe6+ Qxe6 27.Rxd8+ Rxd8 28.Re1 Nc4
29.Bc1 Ne5 30.Rd1 Rxd1 31.Qxd1 Qd7 32.Qb3+ c4 {#R} 0-1

[Event "It (open)"]
[Site "masterchessopen.com Nigran (Spain)"]
[Round "0"]
[White "Nedobora Mikhail (UKR)"]
[Black "Merino Garcia Rafael (ESP)"]
[Result "1-0"]
[WhiteElo "2465"]
[BlackElo "2200"]

1.d4 Nf6 2.c4 e6 3.Nc3 Bb4 4.e3 c5 5.Bd3 Nc6 6.Nf3 Bxc3+ 7.bxc3 d6 8.e4 e5
9.d5 Ne7 10.Rb1 h6 11.Nd2 O-O 12.Nf1 Rb8 13.Ng3 Ng6 14.O-O Nf4 15.Bc2 Qa5
16.Rb3 b5 17.Bd2 Bd7 18.cxb5 c4 19.Rb4 Bxb5 20.Qb1 Rb6 21.Be3 {#r} 1-0

[Event "Ch Spain (team) (b)"]
[Site "masterchessopen.com Oropesa (Spain)"]
[Round "4"]
[White "Bernal Moro Luis Javier (ESP)"]
[Black "Garcia Melgar Juan Pablo (ESP)"]
[Result "1-0"]
[WhiteElo "2455"]
[BlackElo "2245"]

1.d4 Nf6 2.c4 e6 3.Nc3 Bb4 4.e3 c5 5.Bd3 Nc6 6.Ne2 cxd4 7.exd4 d5 8.cxd5 Nxd5
9.Bc2 Bd6 10.a3 Nce7 11.Qd3 Bd7 12.Ne4 Bc6 13.O-O Ng6 14.Bg5 Be7 15.Bd2 Qd7
16.N2c3 O-O 17.Rfe1 Rfd8 18.Qh3 e5 19.Qxd7 Rxd7 20.dxe5 Nxe5 21.Nxd5 Rxd5
22.Bc3 Ng6 23.Ng3 Rad8 {#r} 1-0

[Event "It (open) \"]
[Site "masterchessopen.com Pardubice (Czech Republic)"]
[Round "1"]
[White "Pajeken Wolfgang (GER)"]
[Black "Bezgodov Alexei (RUS)"]
[Result "0-1"]
[WhiteElo "2260"]
[BlackElo "2490"]

1.d4 Nf6 2.c4 e6 3.Nc3 Bb4 4.e3 c5 5.Bd3 Nc6 6.Ne2 cxd4 7.exd4 d5 8.cxd5 Nxd5
9.O-O O-O 10.Bc2 Re8 11.Qd3 g6 12.Bh6 Bd6 13.Qd2 Nxc3 14.bxc3 b6 15.Bg5 Qc7
16.h4 e5 17.h5 Ba6 18.hxg6 hxg6 19.Bb3 exd4 20.Rfe1 Bxe2 21.Rxe2 dxc3 22.Qd3
Kg7 23.Qf3 Rxe2 24.Qf6+ Kh7 25.Bxf7 Ne5 26.Bxg6+ Nxg6 27.Qf3 Rae8 28.Qh5+ Kg8
29.Qxg6+ Qg7 {#R} 0-1

[Event "It (open)"]
[Site "masterchessopen.com Porto San Giorgio (Italy)"]
[Round "0"]
[White "Ruzzier Dario (ITA)"]
[Black "Arlandi Ennio (ITA)"]
[Result "0-1"]
[WhiteElo "1981"]
[BlackElo "2445"]

1.d4 Nf6 2.c4 e6 3.Nc3 Bb4 4.e3 c5 5.Bd3 Nc6 6.Nf3 Bxc3+ 7.bxc3 d6 8.O-O e5
9.e4 h6 10.h3 O-O 11.Be3 b6 12.Qe2 Re8 13.Qc2 exd4 14.cxd4 Nb4 15.Qb1 Nxd3
16.Qxd3 Nxe4 17.Rad1 Qf6 18.Nd2 Bf5 19.Nxe4 Rxe4 20.Rfe1 cxd4 21.Qa3 dxe3
22.Rxd6 exf2+ 23.Kxf2 Be6+ {#R} 0-1

[Event "Ch Europe (juniors) (under 18)"]
[Site "masterchessopen.com Rimavska Sobota (Slovakia)"]
[Round "9"]
[White "Bekker-Jensen David (DEN)"]
[Black "Livner Anders (SWE)"]
[Result "1-0"]
[WhiteElo "2190"]
[BlackElo "2080"]

1.d4 Nf6 2.c4 e6 3.Nc3 Bb4 4.e3 c5 5.Bd3 Nc6 6.Ne2 cxd4 7.exd4 d5 8.cxd5 exd5
9.O-O O-O 10.f3 h6 11.Kh1 Bd6 12.Rf2 Re8 13.g4 Nh7 14.Rg2 Ng5 15.Qf1 a6 16.f4
Ne6 17.Qf2 Bb8 18.g5 hxg5 19.f5 Nexd4 20.Nxd4 Nxd4 21.Bxg5 f6 22.Bh6 Be5
23.Rxg7+ Kh8 24.Rag1 Re7 25.Rxe7 Qxe7 26.Qh4 Bxf5 27.Bg7+ Kg8 28.Bxf6+ {#r}
1-0

[Event "Ch Switzerland (team)"]
[Site "masterchessopen.com Switzerland"]
[Round "5"]
[White "Gerber Richard (SUI)"]
[Black "Klauser Markus (SUI)"]
[Result "1-0"]
[WhiteElo "2395"]
[BlackElo "2375"]

1.d4 Nf6 2.c4 e6 3.Nc3 Bb4 4.e3 c5 5.Bd3 Nc6 6.Nf3 Bxc3+ 7.bxc3 d6 8.e4 e5
9.h3 h6 10.Be3 b6 11.d5 Ne7 12.Nd2 Nh7 13.Qc2 Ng6 14.g3 Qf6 15.h4 Qd8 16.Nf1
Bg4 17.Bd2 Qf6 18.Ne3 Qf3 19.Rg1 Nf6 20.Nf1 Nxe4 21.Be3 Nxf2 22.Bxf2 Qf6
23.Ne3 Bf3 24.Be4 Ne7 25.Rf1 g6 26.Bg1 Bxe4 27.Qa4+ {#r} 1-0

[Event "It (open) (a)"]
[Site "masterchessopen.com Vienna (Austria)"]
[Round "1"]
[White "Ibragimov Ildar (USA)"]
[Black "Hertan Charles E (USA)"]
[Result "1-0"]
[WhiteElo "2545"]
[BlackElo "2410"]

1.d4 Nf6 2.c4 e6 3.Nc3 Bb4 4.e3 c5 5.Bd3 Nc6 6.Nf3 Bxc3+ 7.bxc3 d6 8.O-O e5
9.Nd2 O-O 10.Rb1 Re8 11.d5 Ne7 12.Qc2 g6 13.f3 b6 14.Rf2 Rf8 15.Nf1 Ne8 16.e4
f5 17.exf5 gxf5 18.Bg5 Ng7 19.Ne3 Kh8 20.g4 Qe8 21.Kh1 Qf7 22.Rbf1 Ng6 23.Bh6
f4 24.Ng2 Rg8 25.h4 Nf8 26.Rg1 Bd7 27.Ne1 Rb8 28.Rh2 b5 29.h5 bxc4 30.Be4 Qe8
31.Ng2 a5 32.Nh4 Ba4 33.Qf2 Qd7 34.Ng6+ Nxg6 {#r} 1-0

[Event "Memorial Olexa (open)"]
[Site "masterchessopen.com Brno (Czech Republic)"]
[Round "0"]
[White "Uhmann Jan (CZE)"]
[Black "Spodny Josef (CZE)"]
[Result "1-0"]
[WhiteElo "2152"]
[BlackElo "2079"]

1.d4 Nf6 2.c4 e6 3.Nc3 Bb4 4.e3 c5 5.Bd3 Bxc3+ 6.bxc3 Nc6 7.Ne2 d6 8.O-O e5
9.Ng3 h5 10.f4 h4 11.Ne4 exd4 12.exd4 b6 13.Qa4 Bd7 14.Nxd6+ Kf8 15.dxc5 Ne5
16.Qc2 Nxd3 17.Qxd3 Bc6 18.Ba3 Kg8 19.Rad1 bxc5 20.Bxc5 Ne4 21.Nxe4 Qxd3
22.Rxd3 Bxe4 23.Rd4 f5 24.Rd7 Rh6 25.Bd4 Rg6 26.Rf2 h3 27.g3 a5 28.Rb2 Re8
29.Kf2 Bd3 30.c5 Rge6 31.Be5 Be4 32.Rxg7+ Kf8 33.Rh7 {#r} 1-0

[Event "Bundesliga (2nd) South 1997/98"]
[Site "masterchessopen.com Germany"]
[Round "0"]
[White "Kaiser Dieter (GER)"]
[Black "Kluss Kai (GER)"]
[Result "1-0"]
[WhiteElo "2256"]
[BlackElo "2150"]

1.d4 Nf6 2.c4 e6 3.Nc3 Bb4 4.e3 c5 5.Bd3 Nc6 6.Nf3 Bxc3+ 7.bxc3 d6 8.e4 e5
9.h3 h6 10.O-O O-O 11.Re1 Re8 12.Rb1 b6 13.dxc5 dxc5 14.Nh2 Re6 15.Rb2 Rd6
16.Rd2 Bb7 17.Nf1 Ne7 18.Qc2 Qd7 19.Ne3 Rd8 20.Nd5 Nfxd5 21.exd5 b5 22.cxb5
Bxd5 23.Red1 Qc7 24.a4 Be6 25.Be2 Bf5 26.Qa2 Rxd2 27.Rxd2 Rxd2 28.Qxd2 Be6
29.Bd1 Bc4 30.Ba3 Nf5 31.Bc2 Nd6 32.Qe3 Nb7 33.Qe4 Na5 34.Qa8+ {#r} 1-0

[Event "Ch Germany"]
[Site "masterchessopen.com Gladenbach (Germany)"]
[Round "8"]
[White "Walter Guenter (GER)"]
[Black "Holzhaeuer Mathias (GER)"]
[Result "1-0"]
[WhiteElo "1983"]
[BlackElo "2355"]

1.d4 Nf6 2.c4 e6 3.Nc3 Bb4 4.e3 c5 5.Bd3 Nc6 6.Ne2 cxd4 7.exd4 d5 8.cxd5 Nxd5
9.O-O O-O 10.a3 Be7 11.Bc2 Nxc3 12.bxc3 b6 13.Qd3 g6 14.Bh6 Re8 15.Ng3 Bb7
16.f4 Qd5 17.Rf2 Rac8 18.f5 exf5 19.Nxf5 Bf8 20.Qh3 Qe6 21.Bxf8 Rxf8 22.Nh6+
Kg7 23.Rxf7+ Qxf7 24.Nxf7 Rxf7 25.Bb3 Re7 26.Rf1 Ba6 27.Bc4 Bxc4 28.Qxc8 Bxf1
29.Kxf1 Na5 30.Qd8 Kf7 31.Qd5+ Kf6 32.c4 Nb3 33.Qf3+ {#r} 1-0